Marian Kaczyński (4.12.1932 - 17.10.2007)
| Titel: | Marian Kaczyński (4.12.1932 - 17.10.2007) |
|---|---|
| Verfasser: | |
| In: |
Wiadomości archeologiczne, Band 59 (2007), Seite 203-207 alle Artikel anzeigen |
| Veröffentlicht: | 2007 |
| Format: | Aufsatz |
| Sprache: | Polnisch |
X
alg: 39413020 001A $01999:12-11-16 001B $01999:29-05-21 $t17:45:08.000 001C $06050:19-11-16 $t08:47:28.000 001D $01999:12-11-16 001U $0utf8 001X $00 002@ $0Aox 003@ $0394130200 007A $0394130200 $aHEB 007T $0Herdkk00014330 010@ $apol 011@ $a2007 021A $aMarian Kaczyński (4.12.1932 - 17.10.2007) 028A $#Wróblewska, Anna Bitner- $7 $8Bitner-Wróblewska, Anna [Tnd] $9210721669 031A $d59 $h203-207 $j2007 037A $aW aneksie bibliografia prac039B $aIn $8--Abvc--. Wiadomości archeologiczne. - Warszawa : [Verlag nicht ermittelbar], 1873-. - ISSN 0043-5082 $x200700000590000797 $9047268050 045F $a929.09438 $eDDC23BSB 045F/01 $a929 045F/03 $g438 045T $a7,41 lok: 39413020 78 exp: 39413020 78 1 #EPN 201B/01 $018-11-16 $t10:42:14.000 201U/01 $0utf8 203@/01 $0790240718 208@/01 $a12-11-16 $be 209A/01 $a/ $f000 $x00 220C/01 $aTitelaufnehmer: pbb 220C/01 $aHerkunft: PBB/IH PAN 244Z/01 $2Trx $#Poola $#Lenkija $#Polija $#Polen Land $#Poland $#Lengyelország $#Poľsko $#Polsko $8--Trx--Polska$gkraj $x01 $9391345966 244Z/01 $aGeschichte 1932-2007 $x02 244Z/01 $2Trx $8--Trx--Kaczyński, Marian$Z1932-2007 $x03 $9390806811 244Z/01 $2Trx $#arheoloogid $#archeologai $#archaeologists $#arheológusok $#archeolodzy $#archeológovia $#archeologové $8--Trx--Archäologen $x04 $939137530X 244Z/01 $2Trx $#bibliograafiad isikud $#bibliografijos personalinės $#Bibliographies persons $#szakirodalmak személyek $#bibliografie osobowe $#bibliografie personálne $#bibliografie personální $#Personalbibliographie $8--Trx--Bibliographien$gPersonen $x05 $9391368532 244Z/01 $2Trx $8--Trx--Zeitschriftenaufsatz $x06 $9391384341 244Z/01 $2Trx $#biograafiad $#biografijos $#biography $#életrajzok $#biografia $#biografie $#biografie $8--Trx--Biographie $x07 $9391352938 245Z/01 $a12.03 $x01 247C/01 $82080>Marburg/Lahn, Herder-Institut, Forschungsbibliothek, Bibliographieportal $9336309341
| LEADER | 00000caa a22000002c 4500 | ||
|---|---|---|---|
| 001 | 394130200 | ||
| 003 | DE-603 | ||
| 005 | 20210529174508.0 | ||
| 007 | tu | ||
| 008 | 161112s2007 xx |||| | u00||u|pol c | ||
| 035 | |a (DE-599)HEB394130200 | ||
| 040 | |a DE-603 |b ger |c DE-603 |d DE-603 | ||
| 041 | |a pol | ||
| 082 | 0 | 4 | |8 1\u |a 929.09438 |q DE-101 |2 23/BSB |
| 084 | |a 7,41 |2 ssgn | ||
| 085 | |8 1\u |b 929 | ||
| 085 | |8 1\u |z 2 |s 438 | ||
| 100 | 1 | |a Bitner-Wróblewska, Anna |0 (DE-603)210721669 | |
| 245 | 0 | 0 | |a Marian Kaczyński (4.12.1932 - 17.10.2007) |
| 264 | 0 | |c 2007 | |
| 500 | |a W aneksie bibliografia prac <pol> | ||
| 773 | 0 | 8 | |i In |t Wiadomości archeologiczne |d Warszawa : [Verlag nicht ermittelbar], 1873- |x 0043-5082 |g Band 59 (2007), Seite 203-207 |w (DE-603)047268050 |w (DE-600)202757-4 |
| 924 | 0 | |9 2080 |a (DE-603)790240718 |b DE-2080 |c HES |d d |g / | |


